Datum a čas kvízu
46
Celkem bodů
Celkový počet nahraných bodů na tomto kvízu bez doplňovacích otázek.
1.
Pořadí na kvízu
Konečné umístění týmu na tomto kvízu.
Zaznamenané odpovědi
| # | Otázka | Odpověď | Body | Výsledky |
|---|---|---|---|---|
| 1. | Premiér Fiala se při své návšt... | Horáková | 1 | |
| 2. | Záplavy minulý týden velmi ztí... | Dubaj | 1 | |
| 3. | Ve čtvrtek vystoupil v brněnsk... | Slash | 1 | |
| 4. | Abstraktní obraz Conception/Da... | František Kupka | 1 | |
| 5. | 21letý litevský reprezentant M... | C) hod diskem | 1 | |
| 6. | Bolívie má, stejně jako několi... | Sucre; La Paz | 1 | |
| 7. | Které evropské hlavní město se... | Oslo | 1 | |
| 8. | Nyní vám dáme na výběr, zda si... | Windhoek; Manila | 1 | |
| 9. | Které malebné hlavní město lež... | Tallinn | 1 | |
| 10. | Napište, které hlavní město (s... | Reykjavík; Wellington | 1 |